O amigo do rei (Record no. 11210)
[ view plain ]
| 000 -LÍDER | |
|---|---|
| campo de controle de tamanho fixo | 00586 a2200217 4500 |
| 001 - NÚMERO DE CONTROLE | |
| campo de controle | 11210 |
| 020 ## - ISBN - INTERNATIONAL STANDARD BOOK NUMBER | |
| ISBN - International Standard Book Number | 9788516063047 |
| 041 ## - CÓDIGO DE IDIOMA | |
| Código do idioma do texto/trilha sonora ou título diferente | por |
| 082 ## - CDD - CLASSIFICAÇÃO DECIMAL DE DEWEY | |
| Número de Classificação | P Year 5 808 |
| 040 ## - FONTE DA CATALOGAÇÃO | |
| Instituição da catalogação original | BR-BrIDEA |
| Instituição que transcreveu o registro | BR-BrIDEA |
| 090 ## - NÚMERO DE CHAMADA LOCAL | |
| Número de chamada (OCLC) (R); Número de chamada, CALL (RLIN) (NR) | P Year 5 808 |
| Número Cutter local (OCLC); Número de classificação do livro, CALL (RLIN) | ROC |
| 100 ## - ENTRADA PRINCIPAL--NOME PESSOAL | |
| Nome pessoal | Rocha, Ruth |
| Datas associadas ao nome | 1931 |
| 250 ## - EDIÇÃO | |
| Edição | . ed. |
| 245 10 - TÍTULO | |
| Título | O amigo do rei |
| Indicação de responsabilidade, etc. | Rut Rocha |
| 260 ## - PUBLICAÇÃO, DISTRIBUIÇÃO, ETC. | |
| Local de publicação, distribuição, etc. | São Paulo |
| Nome do editor, distribuidor, etc. | Salamandra |
| Data da publicação, distribuição, etc. | 2009 |
| 490 ## - TÍTULO DA SÉRIE | |
| Título da série | Biblioteca Ruth Rocha. Série Vou te contar |
| 697 ## - ENTRADA DE ASSUNTO LOCAL--ENTIDADE COLETIVA (RLIN) | |
| Nome corporativo ou nome da jurisdição | Literatura infanto-juvenil |
| 830 ## - ENTRADA SECUNDÁRIA DE SÉRIE--TÍTULO UNIFORME | |
| Título uniforme | Biblioteca Ruth Rocha. Série Vou te contar |
| 856 ## - LOCALIZAÇÃO ELETRÔNICA E ACESSO | |
| Uniform Resource Identifier | <a href="00000a/00000abd.jpeg">00000a/00000abd.jpeg</a> |
| 942 ## - ELEMENTOS DE ENTRADA ADICIONADOS (KOHA) | |
| Tipo de material Koha | Livros |
| Situação do descarte | Situação das perdas | Situação física | Não pode ser emprestado | Biblioteca de origem | Biblioteca atual | Data de aquisição | Total de empréstimos | Número de chamada completo | Código de barras | Data de último acesso | Data do último empréstimo | Data do preço efetivo | Tipo de material Koha | Fonte da classificação ou esquema de arquivamento na estante |
|---|---|---|---|---|---|---|---|---|---|---|---|---|---|---|
| Canadian School of Niterói - Piratininga | Canadian School of Niterói - Piratininga | 09/02/2024 | 1 | ROC | A25063 | 14/08/2024 | 09/08/2024 | 09/02/2024 | Livros | |||||
| Colégio Anchieta - Aquarius | Colégio Anchieta - Aquarius | 21/11/2023 | LI 028.5 ROC VIV | 2603/AQU | 21/11/2023 | 21/11/2023 | Livros | |||||||
| Colégio Anchieta - Bela Vista | Colégio Anchieta - Bela Vista | 21/11/2023 | LI 028.5 R672o ROC AMI | 213/BEL | 02/08/2024 | 21/11/2023 | Livros | |||||||
| Colégio Anchieta - Bela Vista | Colégio Anchieta - Bela Vista | 21/11/2023 | LI 028.5 R672o ROC AMI | 3172/BEL | 21/11/2023 | 21/11/2023 | Livros | |||||||
| Colégio São Paulo | Colégio São Paulo | 21/11/2023 | 028.5 ROC AMI | 3965/ITA | 21/11/2023 | 21/11/2023 | Livros | |||||||
| ECB - SUDOESTE | ECB - SUDOESTE | 06/02/2015 | P Year 5 808 | 00013214SSW | 23/01/2024 | 23/01/2024 | Livros | Classificação Decimal de Dewey | ||||||
| ECB - SUDOESTE | ECB - SUDOESTE | 06/06/2014 | P Year 5 808 | 00009275SSW | 23/01/2024 | 23/01/2024 | Livros | Classificação Decimal de Dewey | ||||||
| ECB - SUDOESTE | ECB - SUDOESTE | 06/02/2015 | P Year 5 808 | 00013215SSW | 23/01/2024 | 23/01/2024 | Livros | Classificação Decimal de Dewey | ||||||
| ECB - ÁGUAS CLARAS | ECB - ÁGUAS CLARAS | 26/02/2016 | AP Year 5 808 ROC | 00019499AGC | 23/01/2024 | 23/01/2024 | Livros | Classificação Decimal de Dewey | ||||||
| ESTA - SÃO BENTO | ESTA - SÃO BENTO | 30/04/2024 | EST00010574 | 30/04/2024 | 30/04/2024 | Livros | ||||||||
| ESTA - SÃO BENTO | ESTA - SÃO BENTO | 30/04/2024 | 028.52 ROC AMI | EST00010579 | 30/04/2024 | 30/04/2024 | Livros | |||||||
| Colégio Anchieta - Aquarius | Inspira | 21/11/2023 | 5 | LI 028.5 ROC AMI | 1858/AQU | 21/11/2023 | 21/11/2023 | 21/11/2023 | Livros | |||||
| Colégio Anchieta - Aquarius | Inspira | 21/11/2023 | 1 | LI 028.5 ROC VIV | 2602/AQU | 21/11/2023 | 21/11/2023 | 21/11/2023 | Livros |